000 00287nam a2200109Ia 4500
008 220204s9999 xx 000 0 und d
082 _a057
_bSCI.10
245 0 _aReadings in the life sciences. V 10.
260 _aSan Francisco
_bFreeman &co
_c1973
650 _aLife sciences
942 _cBK
999 _c26913
_d26913